000 00874 a2200265 4500
003 CBULib
005 20260212094905.0
008 260212b |||||||| |||| 00| 0 eng d
020 _a9781529772098
040 _aCBULib
_bEnglish
_cCBULib
_erda
050 _aG 70 Key
100 _95250
_aClifford, Nicholas
245 _aKey methods in geography
_c/ edited by Nicholas Clifford; Meghan Cope; and Thomas W. Gillespie
250 _aFourth edition
260 _aLos Angeles :
_bSAGE Publications,
_c[2023]
300 _axxii, 756 pages : illustrations, maps
336 _2rdacontent
_aText |
_btxt
337 _2rdamedia
_aUnmediated |
_bn
338 _2rdacarrier
_aVolume
_bnc
650 0 _92526
_aGEOGRAPHY
650 0 _95365
_aGEOGRAPHY RESEARCH METHODOLOGY
700 _94909
_aCope, Meghan
_eeditor
700 _94910
_aGillespie, Thomas W
_eeditor
942 _2lcc
_c002
999 _c86487
_d86487